000 00228nam a2200097Ia 4500
008 240625s9999 xx 000 0 und d
041 _aeng
100 _aPAREEK UDAI
245 _aTRAINING INSTRUMENTS IN HRD AND OD
260 _c2011
999 _c34972
_d34972